000 00473nam a2200157Ia 4500
008 220216s9999 xx 000 0 und d
100 _aMahendra Sethi
245 0 _aDecoding urban Indias carbon footprint: Spatial-numerical mapping of thermal energy emissions
260 _bCurrent Science
_c2015
300 _a1616-1623
650 _aCarbon footprint
650 _aSpatial-numerical analysis
650 _aTHermal power plants
650 _aUrban areas
942 _cJS
999 _c56743
_d56743